[Event "XXI Vallfogona Rapid Open"]
[Site "Vallfogona de Balaguer ESP"]
[Date "2013.09.22"]
[Round "9.8"]
[White "Gomez Jurado,L"]
[Black "Esplugas Esteve,V1"]
[Result "0-1"]
[WhiteElo "2316"]
[BlackElo "2231"]

1.c4 b6 2.Nc3 e6 3.e4 Bb7 4.d3 d5 5.cxd5 exd5 6.Nf3 dxe4 7.dxe4 Qxd1+ 8.Kxd1 Nd7
9.Kc2 O-O-O 10.Bc4 Bc5 11.Bg5 f6 12.Bh4 h5 13.Bg3 g5 14.h4 g4 15.Nd2 Ne5
16.Be6+ Kb8 17.Nb3 Bd6 18.Rhe1 Ng6 19.Rad1 N8e7 20.Bxd6 Rxd6 21.Rxd6 cxd6
22.g3 Bc8 23.Bxc8 Rxc8 24.Rd1 Rd8 25.Nd4 Ne5 26.Ne6 Rd7 27.Nf4 N7c6 28.Kb3 Nb4
29.Nxh5 Nbd3 30.Rd2 Rf7 31.Nf4 Nxf4 32.gxf4 Ng6 33.f5 Nxh4 34.Rxd6 Nf3 35.Nd5 Nd2+
36.Kc2 Nxe4 37.Re6 Nxf2 38.Kd2 Rd7 39.Re8+ Kb7 40.Re7 Rxe7 41.Nxe7 g3 42.Ke2 Ne4
43.Kf3 Kc7 44.Nd5+ Kd6 45.Ne3 Ke5 46.b4 Nd6 47.Ng4+ Kxf5 48.Kxg3 Ne4+ 49.Kf3 Nc3
50.Ne3+ Ke5 51.a3 Kd4 52.Ng4 Nb1 53.a4 Kc4 54.a5 b5 55.Nxf6 Kxb4 56.a6 Ka5
57.Ke3 Kxa6 58.Kd3 Ka5 59.Kc2 Na3+ 60.Kb3 Nc4 61.Nd5 Nd2+ 62.Kc2 Ne4 63.Kb3 Nc5+
64.Ka3 a6 65.Nb4 Kb6 66.Nd5+ Kc6 67.Ne7+ Kd6 68.Nf5+ Ke5 69.Ne7 Kd4 70.Kb4 Nd3+  0-1

[Event "XXI Vallfogona Rapid Open"]
[Site "Vallfogona de Balaguer ESP"]
[Date "2013.09.22"]
[Round "11.2"]
[White "Vidarte Morales,A"]
[Black "Esplugas Esteve,V1"]
[Result "0-1"]
[WhiteElo "2337"]
[BlackElo "2231"]

1.c4 b6 2.Nc3 Bb7 3.d4 e6 4.Nf3 Bb4 5.Bg5 Nf6 6.e3 h6 7.Bh4 g5 8.Bg3 Ne4
9.Qc2 Bxc3+ 10.bxc3 d6 11.Bd3 f5 12.d5 exd5 13.cxd5 Bxd5 14.Nd4 Qf6 15.f3 Nxg3
16.hxg3 Nd7 17.Bxf5 O-O-O 18.e4 Bb7 19.Qa4 a6 20.O-O Qe5 21.f4 Qc5 22.Kh2 b5
23.Qc2 Rde8 24.Rad1 Re7 25.Nb3 Qb6 26.c4 bxc4 27.Qxc4 Rhe8 28.e5 Qc6 29.Qe2 gxf4
30.gxf4 Rg8 31.Bh3 Qc3 32.Rd3 Qb4 33.a3 Qa4 34.Rc3 Kb8 35.Qc2 Reg7 36.Rf2 dxe5
37.Rc4 Qb5 38.Rb4 Qd5 39.Bxd7 Rxg2+ 40.Rxg2 Rxg2+  0-1

[Event "TCh-Belgrade Premier liga 2013"]
[Site "Belgrade SRB"]
[Date "2013.10.14"]
[Round "3.3"]
[White "Savic,An"]
[Black "Djuric,P SRB"]
[Result "1-0"]
[WhiteElo "2091"]
[BlackElo "2236"]

1.c4 b6 2.Nc3 d6 3.d4 Nf6 4.e4 c5 5.Nf3 Nfd7 6.Be2 g6 7.O-O Bg7 8.Be3 O-O
9.Qd2 Re8 10.Rfd1 Bb7 11.h3 Nc6 12.Rac1 Rc8 13.b3 Qc7 14.d5 Nce5 15.Nxe5 Nxe5
16.f4 Nd7 17.Nb5 Qb8 18.Bg4 Rcd8 19.Kh1 Bc8 20.Rf1 a6 21.Nc3 b5 22.Ne2 b4
23.Ng3 a5 24.Qf2 Rf8 25.Rcd1 Kh8 26.Bc1 Bd4 27.Rxd4 cxd4 28.Bxd7 Rxd7 29.Qxd4+ f6
30.Bb2 Kg7 31.Re1 Qa7 32.Qd2 Rb7 33.Bd4 Qb8 34.e5 Bf5 35.exf6+ exf6 36.Nxf5+ gxf5
37.Re6 Qd8 38.Qe1 Kg8 39.Qh4 Rbf7 40.Qh5 a4 41.Qxf5 a3 42.Kh2 Rg7 43.g4 Rg6
44.g5 Qd7 45.h4 Qf7 46.Bxf6 Rg7 47.Qe4 Qh5 48.Kg3 Rgf7 49.Qf3 Qxf3+ 50.Kxf3 Rd7
51.f5 h6 52.Kg4 hxg5 53.hxg5 Rh7 54.Re2 Rh1 55.c5 Rg1+ 56.Kh5 Rd1 57.Kg6 dxc5
58.Re7 Rxf6+ 59.Kxf6  1-0

[Event "12th Istanbul Open A 2013"]
[Site "Istanbul TUR"]
[Date "2013.10.15"]
[Round "5.10"]
[White "Satici,Ayd"]
[Black "Yaran,Siar"]
[Result "0-1"]
[WhiteElo "1844"]
[BlackElo "1995"]

1.c4 b6 2.Nf3 Bb7 3.g3 Bxf3 4.exf3 c5 5.Bg2 Nc6 6.Nc3 g6 7.h4 h5 8.a3 Bg7
9.Rb1 Rc8 10.O-O Nh6 11.Nd5 e6 12.Re1 O-O 13.Ne3 f5 14.f4 Qe7 15.Qa4 a5 16.d3 Qd6
17.Qd1 Ng4 18.b3 Bd4 19.Nxg4 fxg4 20.Qe2 Ne7 21.Qe4 Nf5 22.Bb2 Kg7 23.Bxd4+ Qxd4
24.Qe5+ Rf6 25.Qxd4 Nxd4 26.Rb2 b5 27.Reb1 Rb8 28.b4 cxb4 29.axb4 a4 30.cxb5 Nxb5
31.Ra1 a3 32.Rc2 Rff8 33.Rc5 Rfc8 34.Ra2 Kf7 35.f3 d6 36.Rc4 d5 37.Rc5 Rxc5
38.bxc5 Ra8 39.fxg4 Nc3 40.Ra1 hxg4 41.Kf2 a2 42.Ke1 Rb8 43.c6 Rb1+ 44.Kf2 Ke7  0-1

[Event "29th ECC Open 2013"]
[Site "Rhodes GRE"]
[Date "2013.10.25"]
[Round "6.15"]
[White "Ahlander,B"]
[Black "Hamitevici,V"]
[Result "1/2-1/2"]
[WhiteElo "2442"]
[BlackElo "2490"]

1.c4 b6 2.Nc3 Bb7 3.e4 e5 4.Nf3 Nc6 5.d4 exd4 6.Nxd4 Bb4 7.Ne2 Qh4 8.a3 Bc5
9.g3 Qh5 10.Bg2 a5 11.Nd5 O-O-O 12.Bf4 d6 13.O-O Nf6 14.Rb1 Rhe8 15.Nxf6 gxf6
16.Nc3 Qxd1 17.Rfxd1 Ba6 18.Nd5 Bxc4 19.Nxf6 Rh8 20.Bf1 Bb3 21.Rd2 Nd4 22.Kg2 Ne6
23.Bh6 Bd4 24.Nd5 Kb7 25.f3 c6 26.Ne7 Bc5 27.Nf5 d5 28.exd5 Rxd5 29.Rxd5 cxd5
30.Bd3 Re8 31.Rc1 Ka7 32.g4 Nf8 33.h4 Ng6 34.h5 Ne5 35.Re1 Re6 36.Bb1 d4
37.Bc1 d3 38.Ng3 Bc2 39.Ba2 Re7 40.Nf5 d2 41.Bxd2 Bxf5 42.gxf5 f6 43.h6 Rd7
44.Bc3 Bf8 45.Be6 Rd3 46.Rh1 Nxf3 47.Rh3 Ne5 48.Rxd3 Nxd3 49.Bxf6 Bxh6 50.Bc4 Nc5
51.Bg8 Bc1 52.Bxh7 Nd3 53.Be7 Nxb2 54.f6 Bg5 55.Kf3 Nc4 56.a4 b5 57.Bc5+ Ka6
58.Bd3 Bxf6 59.Ke4 bxa4 60.Kd5 Kb7 61.Kxc4 Be5 62.Be4+ Kc7 63.Kb5  1/2-1/2

[Event "17th OIBM 2013"]
[Site "Bad Wiessee GER"]
[Date "2013.10.30"]
[Round "6.8"]
[White "Buchal,S"]
[Black "Eingorn,V"]
[Result "1/2-1/2"]
[WhiteElo "2312"]
[BlackElo "2548"]

1.c4 b6 2.Nc3 e6 3.e4 Bb7 4.g3 f5 5.Bg2 Nf6 6.d3 Bb4 7.Ne2 fxe4 8.O-O O-O
9.dxe4 e5 10.Nd5 a5 11.Bg5 Nc6 12.f4 Be7 13.Nec3 d6 14.Nxe7+ Nxe7 15.fxe5 dxe5
16.Bxf6 gxf6 17.Qg4+ Ng6 18.Qe6+ Rf7 19.Rad1 Qe8 20.Rxf6 Qxe6 21.Rxe6 Raf8
22.Nd5 Bc8 23.Rc6 Bb7 24.Re6 Bc8  1/2-1/2

[Event "80th ch-BRA S/F 1 2013"]
[Site "Rio de Janeiro BRA"]
[Date "2013.11.03"]
[Round "6.16"]
[White "Rezende,Guilherme Vilela"]
[Black "Baeta,M"]
[Result "0-1"]
[WhiteElo "2108"]
[BlackElo "2068"]

1.c4 b6 2.Nc3 e6 3.d4 Bb7 4.Nf3 f5 5.g3 Nf6 6.Bg2 Bb4 7.O-O O-O 8.Qb3 a5
9.a3 Be7 10.c5 a4 11.Nxa4 Bc6 12.Nc3 bxc5 13.Rd1 Na6 14.d5 exd5 15.Ne5 c4
16.Nxc6 dxc6 17.Qc2 g6 18.Bh6 Rf7 19.e4 fxe4 20.Nxe4 Nxe4 21.Bxe4 Bc5 22.Be3 Bxe3
23.fxe3 Qg5 24.Bg2 Qxe3+ 25.Kh1 Nc5 26.Re1 Qd4 27.Re2 Nd3 28.h3 Raf8 29.Qc3 Qb6
30.a4 Rf2 31.Re7 R2f7 32.Re6 Qf2 33.Rxc6 Qxg3 34.Qd4 Nf2+ 35.Kg1 Nxh3+ 36.Kh1 Rf1+
37.Bxf1  0-1

[Event "ch-PAR 2013"]
[Site "Asuncion URU"]
[Date "2013.11.24"]
[Round "7.4"]
[White "Goiriz,Y"]
[Black "Figari,E"]
[Result "0-1"]
[WhiteElo "2090"]
[BlackElo "2037"]

1.c4 b6 2.Nc3 Bb7 3.d4 e6 4.e4 a5 5.Bd3 g6 6.f4 Bg7 7.Nf3 Nc6 8.d5 Nb4 9.Be3 Nf6
10.Nd4 Ng4 11.Bg1 e5 12.fxe5 Nxe5 13.Be2 O-O 14.Qd2 a4 15.h4 a3 16.b3 c5
17.Ndb5 h5 18.Be3 d6 19.g4 hxg4 20.h5 Bc8 21.O-O-O f5 22.hxg6 Nxg6 23.exf5 Bxf5
24.Bh6 Rf7 25.Bxg7 Rxg7 26.Rdf1 Qd7 27.Nxd6 Qxd6 28.Rxf5 g3 29.Bh5 Re8 30.Rg5 Ree7
31.Bxg6 Rxg6 32.Rgh5 Qf6 33.d6 g2 34.dxe7 g1=Q+  0-1

[Event "St Louis Classic GM 2013"]
[Site "Saint Louis USA"]
[Date "2013.11.26"]
[Round "7.4"]
[White "Diamant,A"]
[Black "Sarkar,J"]
[Result "1-0"]
[WhiteElo "2465"]
[BlackElo "2432"]

1.c4 b6 2.Nf3 Bb7 3.e3 g6 4.Nc3 Bg7 5.d4 c5 6.d5 Bxc3+ 7.bxc3 f5 8.h4 Nf6
9.h5 Nxh5 10.Rxh5 gxh5 11.Ng5 Kf8 12.e4 h6 13.Qxh5 Qe8 14.Qh4 Kg7 15.Nf3 fxe4
16.Qxe4 Qg6 17.Qxe7+ Qf7 18.Qe5+ Qf6 19.Bf4 d6 20.Qxf6+ Kxf6 21.Bxd6 Re8+
22.Kd2 Nd7 23.Bd3 b5 24.Rh1 Rh8 25.Rh4 bxc4 26.Bxc4 Rhd8 27.Rf4+ Kg7 28.Bb3 c4
29.Rxc4 Nf6 30.Rc7+ Rd7 31.Rxd7+ Nxd7 32.c4 a5 33.Kc3 a4 34.Bc2 Rc8 35.Bf5 Bxd5
36.Bxd7 Rxc4+ 37.Kd3 a3 38.Bxa3 Rc7 39.Bb2+ Kg8 40.Bf5 Bxa2 41.Ke3 Bd5 42.Be4 Bxe4
43.Kxe4 Rc2 44.Bd4 Kh7 45.Be3 Ra2 46.Ne5 Rc2 47.Kf5 Ra2 48.Ng4 Ra5+ 49.Kf6 h5
50.Ne5 Rb5 51.Bf4 Rb2 52.Bg3 Rb1 53.Kg5 Rg1 54.Nf3 Rxg2 55.Kxh5 Kg7 56.Kg4 Kf7
57.Ng5+ Ke7 58.Nh3 Rxf2 59.Nxf2 Ke6 60.Kf4 Kd5 61.Ke3 Kc4 62.Ke4 Kc5 63.Nd3+ Kc4
64.Be5 Kb5 65.Kd5 Kb6 66.Bd6 Kb7 67.Kc5 Ka6 68.Kc6 Ka7 69.Nb4 Ka8 70.Nd5 Ka7
71.Nb6 Ka6 72.Bb8 Ka5 73.Nd5 Ka4 74.Kc5 Kb3 75.Nb4 Kc3 76.Bf4 Kb3 77.Bd2 Ka4
78.Kc4 Ka5 79.Be3 Ka4 80.Bb6 Ka3 81.Nd3 Ka4 82.Nb2+ Ka3 83.Kc3 Ka2 84.Kc2  1-0

[Event "ch-IRI 2013"]
[Site "Tabriz IRI"]
[Date "2013.11.27"]
[Round "1.17"]
[White "Lorparizangeneh,S"]
[Black "Sakhayi,M"]
[Result "1-0"]
[WhiteElo "2270"]
[BlackElo "2122"]

1.c4 b6 2.Nc3 Bb7 3.Nf3 e6 4.g3 Nf6 5.Bg2 c5 6.O-O Be7 7.Re1 Ne4 8.Nxe4 Bxe4
9.d3 Bb7 10.e4 O-O 11.d4 cxd4 12.Nxd4 d6 13.b3 a6 14.a4 Nc6 15.Bb2 Qc7 16.Qg4 Nxd4
17.Bxd4 e5 18.Be3 Qc6 19.Qd1 Kh8 20.Qd5 Qc7 21.Qd3 Qc6 22.b4 a5 23.b5 Qc7
24.Bh3 h6 25.f3 Bg5 26.Bf2 g6 27.Rad1 Bc8 28.Bxc8 Raxc8 29.Qxd6 Qxd6 30.Rxd6 Rxc4
31.Bxb6 Rxa4 32.Bc7 Rb4 33.Rd5 Rb3 34.Bxe5+ Kg8 35.Ra1 Rc8 36.f4 Bd8 37.Bd4 Rb8
38.Ba7 Ra8 39.Rad1 Rxa7 40.Rxd8+ Kg7 41.Rb8 g5 42.fxg5 hxg5 43.Rd5 a4 44.Rxg5+ Kh7
45.b6 Ra6 46.b7 Ra7 47.Ra8 Rbxb7 48.Ra5 Rxa8 49.Rxa8 Rb4 50.e5 Re4 51.Kf2 Rxe5
52.Rxa4 Rb5 53.Kf3 Kg6 54.h4 f6 55.Kg4 Rc5 56.Rf4 Ra5 57.h5+ Kg7 58.Kh4 Rb5
59.Rg4+ Kf7 60.h6 Ra5 61.h7 Ra8 62.Kh5 f5 63.Rg8 Rxg8 64.hxg8=Q+ Kxg8 65.Kg6  1-0

[Event "9th Ugra Governor's Cup B"]
[Site "Khanty-Mansiysk RUS"]
[Date "2013.11.29"]
[Round "2"]
[White "Iliushkin,E"]
[Black "Vorobiov,Niko"]
[Result "1-0"]
[WhiteElo "2282"]
[BlackElo "1994"]

1.c4 b6 2.Nc3 e6 3.Nf3 Bb7 4.b3 Bb4 5.Bb2 Nf6 6.e3 O-O 7.Be2 Nc6 8.O-O Ne7
9.a3 Bd6 10.Nb5 Ng6 11.Nxd6 cxd6 12.d3 e5 13.a4 Ne8 14.Nd2 f5 15.Bf3 Bc6
16.a5 bxa5 17.Bc3 a4 18.Bxc6 dxc6 19.Rxa4 d5 20.Qa1 Qc7 21.cxd5 cxd5 22.Rc1 Qb7
23.Nf3 Rf7 24.Bxe5 Qxb3 25.Ra3 Qb7 26.Qa2 h6 27.h3 Kh7 28.d4  1-0

[Event "ch-IRI 2013"]
[Site "Tabriz IRI"]
[Date "2013.12.04"]
[Round "10.8"]
[White "Mahdavirad,M"]
[Black "Sakhayi,M"]
[Result "1-0"]
[WhiteElo "2294"]
[BlackElo "2122"]

1.c4 b6 2.Nf3 Nf6 3.g3 c5 4.Bg2 Bb7 5.Nc3 e6 6.O-O Be7 7.d4 cxd4 8.Qxd4 d6
9.Rd1 a6 10.b3 Nbd7 11.Bb2 O-O 12.Ne1 Qc7 13.Rac1 Bxg2 14.Nxg2 Qb7 15.Qe3 Rfe8
16.a4 Rac8 17.Ba3 Nc5 18.Rb1 Bf8 19.Qf3 d5 20.cxd5 exd5 21.Bxc5 Rxc5 22.Nf4 Qc6
23.Nfxd5 Nxd5 24.Nxd5 Rc2 25.e3 a5 26.Kg2 b5 27.Rd4 Rb8 28.Rb2 bxa4 29.Rxc2 Qxc2
30.bxa4 h6 31.Rf4 Qg6 32.Nf6+ gxf6 33.Rg4 Kg7 34.Qf5 Bb4 35.h4 Re8 36.h5 Qxg4
37.Qxg4+ Kh7 38.e4 Re7 39.Qf5+ Kg7 40.f4 Re6 41.Kf3 Re7 42.g4 Re6 43.Ke3 Be1
44.Qb5 Bb4 45.Qf5 Be1 46.g5 fxg5 47.fxg5 hxg5 48.Qxg5+ Kh7 49.Qf5+ Kg7 50.Qg4+ Kh7
51.Qf3 Kg7 52.Qg2+ Kf8 53.Qg5 Bb4 54.h6  1-0

[Event "IV JAHV McGregor 2013"]
[Site "Bogota COL"]
[Date "2013.12.06"]
[Round "5.42"]
[White "Pinzon,Ja"]
[Black "Hernandez Agamez,Hugo"]
[Result "1-0"]
[WhiteElo "2195"]
[BlackElo "2029"]

1.c4 b6 2.Nc3 Bb7 3.e4 d6 4.d4 Nd7 5.f3 g6 6.Be3 Bg7 7.Bd3 c6 8.Nge2 e5 9.Qd2 exd4
10.Nxd4 Qe7 11.O-O Ngf6 12.Rae1 O-O 13.Bc2 a6 14.Bg5 Rfe8 15.Kh1 Qf8 16.f4 h6
17.Bh4 b5 18.cxb5 axb5 19.a3 Nb6 20.e5 Nh7 21.Bb3 d5 22.f5 Qc5 23.f6 Bh8
24.e6 g5 25.Qd3 Nf8 26.exf7+ Kxf7 27.Bd1 Rxe1 28.Bh5+ Kg8 29.f7+ Kg7 30.Nf5+ Kf6
31.Bxe1 Nc4 32.Nd6+ Ke7 33.Nxb7 Qb6 34.Nxd5+ cxd5 35.Bb4+ Kd7 36.Qxd5+ Kc7
37.Bxf8 Rxf8 38.Nc5 Ne3 39.Qd7+ Kb8 40.Qe7  1-0

[Event "IV JAHV McGregor 2013"]
[Site "Bogota COL"]
[Date "2013.12.06"]
[Round "5.112"]
[White "Cabiativa,Jose Rene"]
[Black "Moreno Lozano,David"]
[Result "0-1"]
[WhiteElo "1662"]
[BlackElo "1912"]

1.c4 b6 2.g3 Bb7 3.Nf3 e6 4.Nc3 f5 5.d4 Nf6 6.Bg2 Be7 7.Be3 O-O 8.a3 a5 9.O-O d6
10.Qd3 Ne8 11.Rfd1 Nd7 12.Bg5 Bxg5 13.Nxg5 Bxg2 14.Nxe6 Be4 15.Qe3 Qe7 16.Nxf8 Qxf8
17.Nxe4 fxe4 18.Qxe4 Nef6 19.Qc6 Rc8 20.Rd3 Re8 21.e3 Re7 22.b4 axb4 23.axb4 Qf7
24.Rd2 Nf8 25.Rc1 Qe8 26.Qg2 Ne4 27.Ra2 Qf7 28.f3 Ng5 29.f4 Qe6 30.Re2 Ne4
31.d5 Qd7 32.Ra2 b5 33.Ra6 bxc4 34.Rxc4 Qb5 35.Qa2 Qxd5 36.Qe2 Nd2 37.Rc2 Nf3+
38.Kf1 Nd4 39.Rd2 Qh1+ 40.Kf2 Nxe2 41.Rxe2 Qxh2+  0-1

[Event "TCh-SVK Ext 2013-14"]
[Site "Slovakia SVK"]
[Date "2013.12.07"]
[Round "3.2"]
[White "Papp,Ga"]
[Black "Lipka,J"]
[Result "1-0"]
[WhiteElo "2593"]
[BlackElo "2410"]

1.c4 b6 2.Nf3 Bb7 3.g3 Bxf3 4.exf3 c5 5.d4 cxd4 6.Qxd4 Nc6 7.Qd3 Rc8 8.Nc3 Nf6
9.f4 e6 10.Bg2 Bb4 11.O-O Na5 12.Nb5 a6 13.Nd4 O-O 14.Nc2 Be7 15.Ne3 Bc5
16.b3 Qe7 17.Bb2 Rfd8 18.Rad1 Nc6 19.Rfe1 Nb4 20.Qb1 a5 21.a3 Nc6 22.Qa1 Ne8
23.h4 Qf8 24.f5 Bxe3 25.Rxe3 exf5 26.h5 a4 27.b4 Nd6 28.Bxg7 Qxg7 29.Qxg7+ Kxg7
30.Rxd6 Re8 31.Rxe8 Rxe8 32.Bxc6 dxc6 33.Rxc6 Re1+ 34.Kg2 Ra1 35.Rxb6 Rxa3
36.c5  1-0

[Event "VII Stadium Casablanca Open 2013"]
[Site "Zaragoza ESP"]
[Date "2013.12.27"]
[Round "3.7"]
[White "Adla,D"]
[Black "Accattato Martin,M"]
[Result "1-0"]
[WhiteElo "2486"]
[BlackElo "2232"]

1.c4 b6 2.e4 Bb7 3.Nc3 e5 4.Nf3 Nc6 5.a3 a5 6.d4 exd4 7.Nxd4 Bc5 8.Be3 d6
9.Be2 Nxd4 10.Bxd4 Bxd4 11.Qxd4 Qf6 12.Qd2 Qg6 13.O-O Nf6 14.f3 Nd7 15.Nb5 Rc8
16.b4 axb4 17.axb4 Kd8 18.Ra7 Rb8 19.Rd1 Re8 20.c5 d5 21.exd5 bxc5 22.bxc5 Nxc5
23.d6  1-0

[Event "ch-AUS 2014"]
[Site "Melbourne AUS"]
[Date "2014.01.02"]
[Round "1.10"]
[White "Castor,D"]
[Black "Wohl,A"]
[Result "1-0"]
[WhiteElo "2125"]
[BlackElo "2371"]

1.c4 b6 2.d4 Bb7 3.Nc3 e6 4.e4 Bb4 5.f3 Ne7 6.Ne2 f5 7.a3 Bxc3+ 8.Nxc3 fxe4
9.fxe4 O-O 10.Bg5 h6 11.Bh4 Qe8 12.Be2 Nbc6 13.Bh5 g6 14.Bf3 Qf7 15.O-O Qg7
16.Bf2 g5 17.e5 Kh8 18.h3 Nf5 19.Qd3 d6 20.Bxc6 Bxc6 21.d5 Bb7 22.exd6 cxd6
23.dxe6 g4 24.Nd5 Rae8 25.Be1 Qg5 26.Bd2 Qg6 27.Bc3+ Kg8 28.Rf4 gxh3 29.Qxh3 Qxe6
30.Raf1 Bc6 31.Nc7 Qe3+ 32.Qxe3 Nxe3 33.Nxe8 Nxf1 34.Nf6+  1-0